000 00432nam a2200205Ia 4500
001 12443
003 GE_BSU
008 181216s||||||||xx |||||||||||||| ||und||
020 _a9780007342600
040 _cGE_BSU
080 _a821.111-32
100 _aBourne,Sam.
245 4 _aThe Chosen One.
260 _aLondon.
260 _bHarper.
260 _c2010
300 _a438p;20cm.
653 _aThe Chosen One.
942 _cBK
999 _c45617
_d45617